Saddam Hussein: la política de la venganza

Spremljeno u:
Bibliografski detalji
Glavni autor: Aburish, Saïd K (Autor)
Format: Knjiga
Jezik:španjolski
Izdano: Santiago Andrés Bello 2001
Teme:
Oznake: Dodaj oznaku
Bez oznaka, Budi prvi tko označuje ovaj zapis!

MARC

LEADER 00000nam a2200000 a 4500
001 UCM4410
003 CL-VaPUC
008 020823e20010000CL |||||||||||||||||spa|d
082 0 4 |a 956.7044  |b ABU  |2 21 
100 0 |a Aburish, Saïd K  |e author  |9 470947 
245 1 0 |a Saddam Hussein: la política de la venganza 
300 |a 429 p 
942 |c BK 
945 |d 20020823 00:00:00  |a cmena 
260 |a Santiago  |b Andrés Bello  |c 2001 
600 0 |a Hussein, Saddam   |d 1937-2006  |9 470948 
650 7 |a HISTORIA DE IRAK  |2 CL-VaPUC  |9 470949 
650 0 |a Poder político  |9 255509 
650 7 |a GUERRA DEL GOLFO  |2 CL-VaPUC  |9 463721 
650 0 |a Armas biológicas (o bacteriológicas)  |9 470950 
583 |a last modification  |c 20020823 00:00:00  |k Rodrigo Vera 
999 |c 301130  |d 301128 
952 |0 0  |1 0  |4 0  |6 956_704400000000000_ABU_2001  |7 0  |8 A  |9 359857  |a BIBHIS  |b BIBHIS  |d 2019-11-21  |i 383722K  |o 956.7044 ABU 2001  |p 383722K  |r 2025-01-20  |w 2019-11-21  |y BK  |k HIS